Statistics for Chicago A-Z

Click here to take the quiz!

General Stats

  • This quiz has been taken 91 times
  • The average score is 16 of 26

Answer Stats

HintAnswer% Correct
ANotorious gangsterAl Capone
94%
DStereotypical pizza styleDeep-Dish
94%
KDon't put this on a hot dogKetchup
90%
WChicago's Tallest BuildingWillis Tower
89%
NThe Cubs play on this side of the cityNorth Side
88%
L_________ Park ZooLincoln Park Zoo
85%
QJay Cutler plays this position for "Da Bears"Quarterback
85%
XSaint _______ UniversityXavier
73%
ZCity ___ Codes start with 606Zip
72%
PMany immigrants come from this countryPoland
70%
TChicago _______ AuthorityTransit
70%
FHe played hooky thereFerris Bueller
64%
MDowntown music venue and "bean" parkMillenium Park
63%
B"El" line connecting O'Hare AirportBlue Line
62%
RCurrent mayorRahm Emanuel
60%
VFamous sausage companyVienna Beef
59%
OO'Hare airport codeORD
57%
GRusty city southeast of ChicagoGary
53%
IYou'll get good ______ food on DevonIndian
49%
CFormer name of US Cellular FieldComiskey Park
48%
HObamalandHyde Park
32%
JUpton Sinclair's gruesome novelThe Jungle
31%
ENeighborhood in Spike Lee JointEnglewood
28%
YSkokie SwiftYellow Line
20%
UScenic above-ground river driveUpper Wacker Drive
16%
SCanal that connects Chicago River to Des Plaines RiverSanitary and Ship Canal
6%

Score Distribution

Percentile by Number Answered

Percent of People with Each Score

Your Score History

You have not taken this quiz